000 01433cam a22001934a 4500
005 20250605164103.0
008 250528s ||||||||||||||||||||||||d
035 _a17637
020 _a9789605610593
040 _aGR-AtMCL
_bgre
_dGR-AtMCL
_eAACR2
245 1 _aΚνωσός / Ιστορικά Μνημεία της Ελλάδας: Αρχαία Ελλάδα
260 _bΣελένα Εκδοτική Α. Ε,
_c2013
300 _a72
520 _aΟ Μινωικός πολιτισμός τοποθετείται χρονολογικά από τα τέλη της Νεολιθικής Εποχής μέχρι τις αρχές της Εποχής του σιδήρου (3200-1000 π.Χ.) National Geographic. Εισαγωγικό Σημείωμα, Ο Αρχαιολογικός Χώρος της Κνωσού και ο Μινωικός Πολιτισμός, Τα Μινωικά Ανάκτορα της Κνωσού, Η Κοινωνική Ζωή στα Ανάκτορα της Κνωσού, Οι Νωπογραφίες του Ανακτόρου της Κνωσού, Το Χρυσό Δαχτυλίδι του Βασιλιά Μίνωα, Οι Μύθοι του Μινωικού Πολιτισμού, Λεξικό Τεχνικών Όρων και Αρχαιοελληνικών Λέξεων, Βιβλιογραφία.
700 1 _aΚοπελιάδης Γιώργος
_93825
942 _cBK
999 _c3039
_d3039